LEADER 00934naa a2200229 u 4500 001 000000093704 003 CaOOAMICUS 005 20070226130135.0 008 010713m19671969fr u000 u eng u 035 $a10897306 040 $aPUL(R)$bita 100 1 $aEvrigenis, Dimitrios J.,$d1925-$0(OLS)http://pul/name/60273 245 10$aTendances doctrinales actuelles en droit international privé /$cpar Dimitrios J. Evrigenis. 260 $a[S. l. :$bs. n.],$c1967-1969. 300 $aP. [313-433] 504 $aBibliografia in nota. 650 4$aDiritto internazionale.$0(OLS)http://pul/subject/2505 650 4$aDiritto internazionale privato.$0(OLS)http://pul/subject/2921 773 0 $tRecueil des cours$gv.II (1966) 773 0 $tRecueil des cours 1966$w()60096 996 $6245$aTendances doctrinales actuelles en droit international privé$9(OLS)http://pul/title/120564 996 $6260$a[S. l. :$bs. n.]$9(OLS)http://pul/publisher/47882 LEADER 01312nam a2200289 a 4500 001 000000171301 003 CaOOAMICUS 005 20190109123700.0 008 190109s2018 it rm 000 0 ita r 032 $aLibriCat 040 $aPUL$bita 100 1 $aNagy, Anna.$0(OLS)http://pul/name/110049 245 10$aDeterminismo e libertà dell'agire umano: $bPlotino in dialogo con gli stoici /$cAnna Nagy. 260 $aRomae :$b[s.n.],$c2018. 300 $a133 p.;$c24 cm 502 $aEstratto daTesi di Dottorato in Filosofia--Pontificia Universitas Lateranensis, 2018. 504 $aBibliografia: p.101-132. 600 04$aPlotinus,$d203/6-270$xFilosofia.$0(OLS)http://pul/subject/10037 650 4$aLibero arbitrio e determinismo.$0(OLS)http://pul/subject/10589 650 04$aFilosofia greca$xStudi.$0(OLS)http://pul/subject/30634 710 2 $aPontificia Università Lateranense$bFacoltà di filosofia$kTesi.$0(OLS)http://pul/name/81773 850 $aPUL 852 $aPUL$W1$xDP1 Tesi Pon Univ. Lateranense$y41$m2018 A 9$j194985$qTesi$B199883$CPULBib$Z2$F199883 $82 941 1 $a16 996 $6245$aDeterminismo e libertà dell'agire umano: $bPlotino in dialogo con gli stoici$9(OLS)http://pul/title/212144 996 $6260$aRomae :$b[s.n.]$9(OLS)http://pul/publisher/48223